| 000 | 00553nam a2200181Ia 4500 | ||
|---|---|---|---|
| 003 | IN-BaIIA | ||
| 008 | 211028s9999 xx 000 0 eng d | ||
| 040 | _cIIA Library | ||
| 080 |
_a621.317 _bGOL |
||
| 100 |
_aGolding, E. W. _910663 |
||
| 245 | 0 |
_aElectrical Measurements and Measuring Instruments _cE. W. Golding |
|
| 250 | _a3rd ed. | ||
| 260 |
_aLondon _bSir Isaac Pitman and Sons _c1948 |
||
| 300 | _axii, 828p. | ||
| 650 |
_aElectrical Engineering _91774 |
||
| 650 | _aNASA Thesaurus | ||
| 942 | _cBK | ||
| 999 |
_c6188 _d6188 |
||